<?xml version="1.0" encoding="UTF-8"?>
<collection xmlns="http://www.loc.gov/MARC21/slim">
 <record>
  <leader>04506nam a2200457 a 4500</leader>
  <controlfield tag="001">1/31897</controlfield>
  <controlfield tag="008">070115m20092006gr f     b    00010 gre  </controlfield>
  <datafield tag="020" ind1=" " ind2=" ">
   <subfield code="a">9603516473</subfield>
  </datafield>
  <datafield tag="035" ind1=" " ind2=" ">
   <subfield code="l">34232</subfield>
  </datafield>
  <datafield tag="040" ind1=" " ind2=" ">
   <subfield code="a">GR-PeUP</subfield>
  </datafield>
  <datafield tag="082" ind1="0" ind2="0">
   <subfield code="a">338.5 ΠΑΛ</subfield>
  </datafield>
  <datafield tag="100" ind1="1" ind2=" ">
   <subfield code="a">Παλαιολόγος, Γιάννης.</subfield>
  </datafield>
  <datafield tag="245" ind1="1" ind2="0">
   <subfield code="a">Σύγχρονη μικροοικονομική θεωρία /</subfield>
   <subfield code="c">Γιάννη Μ. Παλαιολόγου.</subfield>
  </datafield>
  <datafield tag="260" ind1="0" ind2=" ">
   <subfield code="a">Αθήνα :</subfield>
   <subfield code="b">Σταμούλης,</subfield>
   <subfield code="c">2006, 2009.</subfield>
  </datafield>
  <datafield tag="300" ind1=" " ind2=" ">
   <subfield code="a">990 σ. :</subfield>
   <subfield code="b">πιν. ;</subfield>
   <subfield code="c">24 εκ.</subfield>
  </datafield>
  <datafield tag="500" ind1=" " ind2=" ">
   <subfield code="a">Η βιβλιοθήκη έχει Α΄ έκδοση (2006) και Β΄έκδοση (2009).</subfield>
  </datafield>
  <datafield tag="500" ind1=" " ind2=" ">
   <subfield code="a">Περιεχόμενα: Θεωρία συμπεριφοράς καταναλωτή - Το πρόβλημα της επιλογής του καταναλωτή υπό συνθήκες αβεβαιότητας και κινδύνου - Ανάλυση των καμπυλών ζήτησης και προσφοράς - Θεωρία ελαστικοτήτων - Θεωρία παραγωγής - Θεωρία κόστους - Η συμπεριφορά της επιχείρησης σε τελείως ανταγωνιστικά αγορά - Το μονοπωλιακό υπόδειγμα - Θεωρία μονοπωλιακού ή ατελούς ανταγωνισμού - Θεωρίες ολιγοπωλιακής αγοράς - Η θεωρία παιγνίων στην ολιγοπωλιακή αγορά - Κριτική της νεοκλασικής θεωρίας της επιχείρησης-νεότερες αντιλήψεις στη θεωρία της επιχείρησης - Αβέβαιες αγορές-Ασύμμετρηνπληροφόρηση - Γραμμικός προγραμματισμός - Ανάλυση δραστηριότητας - Το υπόδειγμα εισροών-εκροών του W. Leontief - Ο τρόπος σχηματισμού των τιμών των παραγωγικών συντελεστών σε τελείως ανταγωνιστικές αγορές: Ο συντελεστής εργασία - Ζήτηση εισροών σε ατελείς ανταγωνιστικές αγορές - Διαχρονική θεώρηση κατανάλωσης-επένδυσης.</subfield>
  </datafield>
  <datafield tag="504" ind1=" " ind2=" ">
   <subfield code="a">Περιέχει βιβλιογραφία.</subfield>
  </datafield>
  <datafield tag="650" ind1=" " ind2="4">
   <subfield code="a">Μικροοικονομική.</subfield>
  </datafield>
  <datafield tag="650" ind1=" " ind2="4">
   <subfield code="a">Προσφορά και ζήτηση.</subfield>
  </datafield>
  <datafield tag="650" ind1=" " ind2="4">
   <subfield code="a">Κατανάλωση (Οικονομική).</subfield>
  </datafield>
  <datafield tag="650" ind1=" " ind2="4">
   <subfield code="a">Microeconomics.</subfield>
  </datafield>
  <datafield tag="852" ind1=" " ind2=" ">
   <subfield code="a">INST</subfield>
   <subfield code="b">UNIPILB</subfield>
   <subfield code="c">EUDOXOS</subfield>
   <subfield code="e">20130705</subfield>
   <subfield code="h">338.5 ΠΑΛ</subfield>
   <subfield code="p">00168442</subfield>
   <subfield code="q">00168442</subfield>
   <subfield code="t">LOAN</subfield>
   <subfield code="y">0</subfield>
   <subfield code="4">8</subfield>
  </datafield>
  <datafield tag="852" ind1=" " ind2=" ">
   <subfield code="a">INST</subfield>
   <subfield code="b">UNIPILB</subfield>
   <subfield code="c">EUDOXOS</subfield>
   <subfield code="e">20131101</subfield>
   <subfield code="h">338.5 ΠΑΛ</subfield>
   <subfield code="p">00168503</subfield>
   <subfield code="q">00168503</subfield>
   <subfield code="t">LOAN</subfield>
   <subfield code="y">0</subfield>
   <subfield code="4">9</subfield>
  </datafield>
  <datafield tag="852" ind1=" " ind2=" ">
   <subfield code="a">INST</subfield>
   <subfield code="b">UNIPILB</subfield>
   <subfield code="c">EUDOXOS</subfield>
   <subfield code="e">20140624</subfield>
   <subfield code="h">338.5 ΠΑΛ</subfield>
   <subfield code="p">00171666</subfield>
   <subfield code="q">00171666</subfield>
   <subfield code="t">LOAN</subfield>
   <subfield code="y">4</subfield>
   <subfield code="x">20230304</subfield>
   <subfield code="4">11</subfield>
  </datafield>
  <datafield tag="852" ind1=" " ind2=" ">
   <subfield code="a">INST</subfield>
   <subfield code="b">UNIPILB</subfield>
   <subfield code="c">EUDOXOS</subfield>
   <subfield code="e">20140624</subfield>
   <subfield code="h">338.5 ΠΑΛ</subfield>
   <subfield code="p">00171667</subfield>
   <subfield code="q">00171667</subfield>
   <subfield code="t">LOAN</subfield>
   <subfield code="y">4</subfield>
   <subfield code="x">20230530</subfield>
   <subfield code="4">12</subfield>
  </datafield>
  <datafield tag="852" ind1=" " ind2=" ">
   <subfield code="a">INST</subfield>
   <subfield code="b">UNIPILB</subfield>
   <subfield code="c">EUDOXOS</subfield>
   <subfield code="e">20140624</subfield>
   <subfield code="h">338.5 ΠΑΛ</subfield>
   <subfield code="p">00171668</subfield>
   <subfield code="q">00171668</subfield>
   <subfield code="t">LOAN</subfield>
   <subfield code="y">4</subfield>
   <subfield code="x">20141013</subfield>
   <subfield code="4">10</subfield>
  </datafield>
  <datafield tag="852" ind1=" " ind2=" ">
   <subfield code="a">INST</subfield>
   <subfield code="b">UNIPILB</subfield>
   <subfield code="c">EUDOXOS</subfield>
   <subfield code="e">20140925</subfield>
   <subfield code="h">338.5 ΠΑΛ</subfield>
   <subfield code="p">00171994</subfield>
   <subfield code="q">00171994</subfield>
   <subfield code="t">LOAN</subfield>
   <subfield code="y">0</subfield>
   <subfield code="4">13</subfield>
  </datafield>
  <datafield tag="852" ind1=" " ind2=" ">
   <subfield code="a">INST</subfield>
   <subfield code="b">UNIPILB</subfield>
   <subfield code="c">EUDOXOS</subfield>
   <subfield code="e">20150219</subfield>
   <subfield code="h">338.5 ΠΑΛ</subfield>
   <subfield code="p">00172562</subfield>
   <subfield code="q">00172562</subfield>
   <subfield code="t">LOAN</subfield>
   <subfield code="y">0</subfield>
   <subfield code="4">17</subfield>
  </datafield>
  <datafield tag="852" ind1=" " ind2=" ">
   <subfield code="a">INST</subfield>
   <subfield code="b">UNIPILB</subfield>
   <subfield code="c">EUDOXOS</subfield>
   <subfield code="e">20150219</subfield>
   <subfield code="h">338.5 ΠΑΛ</subfield>
   <subfield code="p">00172563</subfield>
   <subfield code="q">00172563</subfield>
   <subfield code="t">LOAN</subfield>
   <subfield code="y">0</subfield>
   <subfield code="4">15</subfield>
  </datafield>
  <datafield tag="852" ind1=" " ind2=" ">
   <subfield code="a">INST</subfield>
   <subfield code="b">UNIPILB</subfield>
   <subfield code="c">EUDOXOS</subfield>
   <subfield code="e">20150219</subfield>
   <subfield code="h">338.5 ΠΑΛ</subfield>
   <subfield code="p">00172564</subfield>
   <subfield code="q">00172564</subfield>
   <subfield code="t">LOAN</subfield>
   <subfield code="y">0</subfield>
   <subfield code="4">15</subfield>
  </datafield>
  <datafield tag="852" ind1=" " ind2=" ">
   <subfield code="a">INST</subfield>
   <subfield code="b">UNIPILB</subfield>
   <subfield code="c">EUDOXOS</subfield>
   <subfield code="e">20150219</subfield>
   <subfield code="h">338.5 ΠΑΛ</subfield>
   <subfield code="p">00172565</subfield>
   <subfield code="q">00172565</subfield>
   <subfield code="t">LOAN</subfield>
   <subfield code="y">0</subfield>
   <subfield code="4">14</subfield>
  </datafield>
  <datafield tag="852" ind1=" " ind2=" ">
   <subfield code="a">INST</subfield>
   <subfield code="b">UNIPILB</subfield>
   <subfield code="c">EUDOXOS</subfield>
   <subfield code="e">20150219</subfield>
   <subfield code="h">338.5 ΠΑΛ</subfield>
   <subfield code="p">00172566</subfield>
   <subfield code="q">00172566</subfield>
   <subfield code="t">LOAN</subfield>
   <subfield code="y">0</subfield>
   <subfield code="4">18</subfield>
  </datafield>
  <datafield tag="852" ind1=" " ind2=" ">
   <subfield code="a">INST</subfield>
   <subfield code="b">UNIPILB</subfield>
   <subfield code="c">EUDOXOS</subfield>
   <subfield code="e">20150518</subfield>
   <subfield code="h">338.5 ΠΑΛ</subfield>
   <subfield code="p">00173783</subfield>
   <subfield code="q">00173783</subfield>
   <subfield code="t">LOAN</subfield>
   <subfield code="y">0</subfield>
   <subfield code="4">19</subfield>
  </datafield>
  <datafield tag="852" ind1=" " ind2=" ">
   <subfield code="a">INST</subfield>
   <subfield code="b">UNIPILB</subfield>
   <subfield code="c">MAIN</subfield>
   <subfield code="e">20070115</subfield>
   <subfield code="h">338.5 ΠΑΛ</subfield>
   <subfield code="p">00151535</subfield>
   <subfield code="q">00151535</subfield>
   <subfield code="t">LOAN</subfield>
   <subfield code="y">0</subfield>
   <subfield code="4">1</subfield>
  </datafield>
  <datafield tag="852" ind1=" " ind2=" ">
   <subfield code="a">INST</subfield>
   <subfield code="b">UNIPILB</subfield>
   <subfield code="c">MAIN</subfield>
   <subfield code="e">20070115</subfield>
   <subfield code="h">338.5 ΠΑΛ</subfield>
   <subfield code="p">00151536</subfield>
   <subfield code="q">00151536</subfield>
   <subfield code="t">LOAN</subfield>
   <subfield code="y">0</subfield>
   <subfield code="4">3</subfield>
  </datafield>
  <datafield tag="852" ind1=" " ind2=" ">
   <subfield code="a">INST</subfield>
   <subfield code="b">UNIPILB</subfield>
   <subfield code="c">MAIN</subfield>
   <subfield code="e">20070115</subfield>
   <subfield code="h">338.5 ΠΑΛ</subfield>
   <subfield code="p">00151537</subfield>
   <subfield code="q">00151537</subfield>
   <subfield code="t">LOAN</subfield>
   <subfield code="y">13</subfield>
   <subfield code="4">2</subfield>
  </datafield>
  <datafield tag="852" ind1=" " ind2=" ">
   <subfield code="a">INST</subfield>
   <subfield code="b">UNIPILB</subfield>
   <subfield code="c">MAIN</subfield>
   <subfield code="e">20080709</subfield>
   <subfield code="h">338.5 ΠΑΛ</subfield>
   <subfield code="p">00155815</subfield>
   <subfield code="q">00155815</subfield>
   <subfield code="t">LOAN</subfield>
   <subfield code="y">13</subfield>
   <subfield code="4">4</subfield>
  </datafield>
  <datafield tag="852" ind1=" " ind2=" ">
   <subfield code="a">INST</subfield>
   <subfield code="b">UNIPILB</subfield>
   <subfield code="c">MAIN</subfield>
   <subfield code="e">20090218</subfield>
   <subfield code="h">338.5 ΠΑΛ</subfield>
   <subfield code="p">00157817</subfield>
   <subfield code="q">00157817</subfield>
   <subfield code="t">LOAN</subfield>
   <subfield code="y">0</subfield>
   <subfield code="4">5</subfield>
  </datafield>
  <datafield tag="852" ind1=" " ind2=" ">
   <subfield code="a">INST</subfield>
   <subfield code="b">UNIPILB</subfield>
   <subfield code="c">MAIN</subfield>
   <subfield code="e">20100208</subfield>
   <subfield code="h">338.5 ΠΑΛ</subfield>
   <subfield code="p">00160559</subfield>
   <subfield code="q">00160559</subfield>
   <subfield code="t">LOAN</subfield>
   <subfield code="y">0</subfield>
   <subfield code="4">7</subfield>
  </datafield>
  <datafield tag="852" ind1=" " ind2=" ">
   <subfield code="a">INST</subfield>
   <subfield code="b">UNIPILB</subfield>
   <subfield code="c">MAIN</subfield>
   <subfield code="e">20100208</subfield>
   <subfield code="h">338.5 ΠΑΛ</subfield>
   <subfield code="p">00160560</subfield>
   <subfield code="q">00160560</subfield>
   <subfield code="t">LOAN</subfield>
   <subfield code="y">0</subfield>
   <subfield code="4">6</subfield>
  </datafield>
 </record>
</collection>
